=LDR 00000nam 2200000 4500 =001 INLIS000000000052828 =005 20180307065832 =035 ##$$a 0010-0318000055 =007 ta =008 180307###########################0###### =020 ##$$a 978-602-72846-5-4 =082 ##$$a 515 =084 ##$$a 515 KAR k =100 #$$a Kartono =245 1#$$a Kalkulus Banyak Variabel /$c Kartono =260 ##$$a Yogyakarta :$b Matematika,$c 2016 =300 ##$$a ix, 256 hlm. : $b ilus. ; $c 26 cm. =500 ##$$a Biografi : hlm. 255-256 =500 ##$$a Indeks : hlm. 249-253 =650 ##$$a Kalkulus =504 ##$$a Bibliografi : hlm. 247-248 =990 ##$$a 53285328 =990 ##$$a 53285328 =990 ##$$a 53285328 =990 ##$$a 53285328 =990 ##$$a 53285328 =990 ##$$a 21708971 =990 ##$$a 01201805328 =990 ##$$a 01201805329 =990 ##$$a 01201805330 =990 ##$$a 01201805331 =990 ##$$a 21708972 =990 ##$$a 01201805328 =990 ##$$a 01201805329 =990 ##$$a 01201805330 =990 ##$$a 21708971 =990 ##$$a 21708973 =990 ##$$a 01201805328 =990 ##$$a 01201805329 =990 ##$$a 21708972 =990 ##$$a 21708971 =990 ##$$a 21708974 =990 ##$$a 01201805328 =990 ##$$a 21708973 =990 ##$$a 21708972 =990 ##$$a 21708971 =990 ##$$a 21708975 =990 ##$$a 21708974 =990 ##$$a 21708973 =990 ##$$a 21708972 =990 ##$$a 21708971